000
00301nam a2200121Ia 4500
008
220901s9999||||xx |||||||||||||| ||und||
082
_a
004 IBM
100
_a
IBM
_9
10881
245
0
_a
IBM system journal
250
_a
Vol. 47 Issue No. 1, 2 & 3
260
_b
IBM
_c
2007
650
_a
Database Management
999
_c
193514
_d
193514